| 000 | 00000nam 2200000zi 4500 |
| 001 | 9.931551 |
| 003 | CaOODSP |
| 005 | 20240314152357 |
| 006 | m o d f |
| 007 | cr ||||||||||| |
| 008 | 231218t20242024onc o f10| 0 fre d |
| 020 | |a9780660693453 |
| 040 | |aCaOODSP|bfre|erda|cCaOODSP |
| 043 | |an-cn--- |
| 086 | 1 |aPS18-78/2023F-PDF |
| 245 | 00|aConférence 2023 du Centre canadien sur la lutte contre la radicalisation menant à la violence : |bque mesurer, comment prévenir - Ottawa Canada, du 1er au 5 mai 2023. |
| 264 | 1|a[Ottawa] : |bSécurité publique Canada, Centre canadien d'egagement communautaire et de prévention de la violence = Public Safety Canada, Canada Centre for Community Engagement and Prevention of Violence, |c[2024] |
| 264 | 4|c©2024 |
| 300 | |a1 ressource en ligne (12 pages) |
| 336 | |atexte|btxt|2rdacontent/fre |
| 337 | |ainformatique|bc|2rdamedia/fre |
| 338 | |aressource en ligne|bcr|2rdacarrier/fre |
| 500 | |aPublié aussi en anglais sous le titre : Canada Centre 2023 conference on countering radicalization to violence: what to measure, how to prevent - Ottawa, Canada May 1-5, 2023. |
| 650 | 6|aTerrorisme|zCanada|xPrévention|vCongrès. |
| 650 | 6|aRadicalisme|zCanada|xPrévention|vCongrès. |
| 655 | 7|aActes de congrès|2rvmgf |
| 710 | 1 |aCanada. |bSécurité publique Canada, |eorganisme de publication. |
| 775 | 08|tCanada Centre 2023 conference on countering radicalization to violence : |w(CaOODSP)9.931549 |
| 856 | 40|qPDF|s304 Ko|uhttps://publications.gc.ca/collections/collection_2024/sp-ps/PS18-78-2023-fra.pdf |